Top 10 Most Populated Regions in the Philippines - Statistics

General Stats
  • This quiz has been taken 109 times
  • The average score is 7 of 10
Answer Stats
Ranking Region % Correct
2 National Capital Region
93%
7 Region 1
78%
3 Region 3
78%
5 Region 7
76%
8 Region 8
76%
6 Region 5
75%
10 Region 10
74%
4 Region 6
74%
9 Region 11
71%
1 Region 4A
48%
No matching quizzes found
Score Distribution
Percent of People with Each Score
Percentile by Number Answered
Your Score History
You have not taken this quiz